LEADER 01399nam a2200301 u 4500 001 000000033068 003 CaOOAMICUS 005 20070226112324.0 008 971027s1984 it u000 u ita u 035 $a10774511 040 $aPUL$bita 100 1 $aDeiana, Giovanni.$0(OLS)http://pul/name/1248 245 12$aL'J = essere forte nel semitico del nord-ovest e nella Bibbia masoretica /$cGiovanni Deiana. 260 $aNapoli :$bIstituto Universitario Orientale,$c1984. 300 $a87 p. ;$c24 cm 490 1 $aAnnali. Supplemento, n. 41 ;$v44 (1984), fasc. 4 504 $a"Bibliografia": p. [79]-87. 710 2 $aIstituto universitario orientale (Napoli).$0(OLS)http://pul/name/12104 830 0$aSupplemento ... agli Annali ;$v44.$0(OLS)http://pul/title/23841 850 $aPUL 852 $aPUL$W1$xSL Religione 1$y3$m10(2) C 19$j45448$nBK-PRI$b $qStampati$B45448$CPULBib$Z2$F45448 $H $81 852 $aPUL$W1$xDP1 Fondo Ciprotti$y59$m1532 C 34$j45449$nBK-PRI$b $qFondi$B45449$CPULBib$Z2$F45449 $H $81 941 1 $a8 941 1 $a1 961 $aINV: 53594. 961 $aINV: 0074. Fondo Ciprotti 996 $6245$aL'J = essere forte nel semitico del nord-ovest e nella Bibbia masoretica$9(OLS)http://pul/title/45552 996 $6260$aNapoli :$bIstituto Universitario Orientale$9(OLS)http://pul/publisher/50964 LEADER 01314nam a2200301 a 4500 001 000000166788 003 CaOOAMICUS 005 20220705173703.0 008 180320s1976 it u000 u ita r 032 $aLibriCat 040 $aPUL$bita 041 1 $aita$hger 130 0 $aLiteratur.$lItaliano.$0(OLS)http://pul/title/206546 245 10$aLetteratura /$ca cura di Gabriele Scaramuzza. 260 $aMilano :$bFeltrinelli,$c1976. 300 $a2 v. ;$c18 cm. 490 1 $aEnciclopedia Feltrinelli Fischer ;$v36-37 504 $aInclude riferimenti bibliografici nel v. 2. 650 4$aLetteratura$xCritica e interpretazione.$0(OLS)http://pul/subject/13408 700 1 $aScaramuzza, Gabriele.$0(OLS)http://pul/name/67601 830 0$aEnciclopedia Feltrinelli Fischer ;$v36-37.$0(OLS)http://pul/title/9143 850 $aPUL 852 $aPUL$W1$xDP1 Fondo Dalla Palma$y117$m1 B 23$j35664$bv. 1$qFondi$B194235$CPULBib$Z2$F194235 $HDal2809 $81 852 $aPUL$W1$xDP1 Fondo Dalla Palma$y117$m1 B 24$j18628$bv. 2$qFondi$B194236$CPULBib$Z2$F194236 $HDal2810 $81 941 1 $a1 996 $6245$aLetteratura$9(OLS)http://pul/title/206547 996 $6260$aMilano :$bFeltrinelli$9(OLS)http://pul/publisher/48846